000 00257nam a2200097 a 4500
005 20140414131949.0
008 110201s19uu xx 00 eng d
050 _aTR 363.2
_bG65 2005
245 _aA child's first reading program: champion 4.
999 _c112739
_d112739